000 00622nam a2200181Ia 4500
003 GCL
008 140319s9999 xx 000 0 ara d
040 _aGCL /
_cGCL
082 0 4 _a348.04
_bج ق
100 1 _aجمال البنا
245 1 0 _aالقانون والقضاء فى المجتمع الاشتراكى (هدية من الاديب عبدالفتاح الجمل) /
_cجمال البنا
260 _a[S.N] :
_bE.M.M.E ،
_c1963
300 _a188 ص
490 _aالهيئة العامة للاستعلامات
_v0
650 0 4 _aالقانون
650 0 4 _aالقانون والقصاء
942 _2ddc
_cBK
999 _c46249
_d46249